| 000 | 00606nam a2200217Ii 4500 | ||
|---|---|---|---|
| 001 | 19444 | ||
| 003 | CO-ViMGA | ||
| 008 | 241108s9999||||xx |||||||||||||| ||und|| | ||
| 020 | _a9789871343065 | ||
| 040 |
_aCO-ViMGA _bspa _erda _cCO-ViMGA |
||
| 041 | 0 | _aspa | |
| 084 | _aC HUI2ca | ||
| 100 | 1 |
_aNorma Huidobro _950850 |
|
| 245 | 1 | 0 | _aLa casa de la viuda |
| 264 | 1 | _aBuenos Aires, Argentina : Del Naranjo, 2008 | |
| 300 | _avolumen | ||
| 336 |
_atext _btxt _2rdacontent |
||
| 337 |
_aunmediated _bn _2rdamedia |
||
| 338 |
_avolume _bnc _2rdacarrier |
||
| 940 | _aidficha_siabuc: 19100. -- ficha_no_siabuc:19444 | ||
| 999 |
_c45545 _d45545 |
||